Géza Haynik: Poznámky denník vojnového zajatca : 1916-1917

Bibliographic Details
Main Author: Haynik, Géza, narodený 1885 (Author)
Other Authors: Babróczkyné Fazekas, Ilona (Translator), Kerepesi, Igor (Translator), Kerényi, Éva (Compiler)
Format: Book
Language:Slovak
Hungarian
PhysicalDescription:255 strán faksimile, fotografie, ilustrácie 24 cm
Published: Rimavská Sobota Gemersko-malohontské múzeum 2021
ISBN:9788085134629
Subjects:

MARC

LEADER 00000cam a2200000 4500
001 vtls012053197
003 SK-MaSNL
005 20260301055936.0
008 210507s2021 xo hoa grhn 000 0bslo
015 |a SNBA2021/09 
020 |a 9788085134629  |q (viazané) 
040 |a SNK  |b slo  |c SNK  |e rda 
041 0 |a slo  |a hun  |b hun 
043 |a e-ru--- 
044 |a xo  |c SK 
072 7 |a 929  |x Biografie  |2 konspekt 
080 |a 94(100)"1914/1918"  |2 2011 
080 |a 355.257.7  |2 2011 
080 |a (470+571)  |2 2011 
080 |a (093.3)  |2 2011 
080 |a 929(092)  |2 2011 
100 1 |a Haynik, Géza,  |d narodený 1885  |4 aut  |9 211572 
245 1 0 |a Géza Haynik: Poznámky  |b denník vojnového zajatca : 1916-1917  |c zostavila: Éva Kerényi ; preklad Elena Babróczkyová, Igor Kerepesi 
246 3 1 |a Jegyzetek 
246 3 0 |a Denník vojnového zajatca : 1916-1917 
246 3 1 |a Egy hadifogoly naplója : 1916-1917 
246 3 0 |a Poznámky 
264 1 |a Rimavská Sobota  |b Gemersko-malohontské múzeum  |c 2021 
300 |a 255 strán  |b faksimile, fotografie, ilustrácie  |c 24 cm 
336 |a text  |b txt  |2 rdacontent 
337 |a bez média  |b n  |2 rdamedia 
338 |a zväzok  |b nc  |2 rdacarrier 
366 |e 500 kusov 
500 |a Názov z obalu 
500 |a Miesto vydania podľa NA ISBN 
500 |a Obsahuje poznámky pod čiarou 
504 |a Obsahuje bibliografické odkazy 
546 |a Súbežný názov, text a resumé v maďarčine 
600 1 7 |a Haynik, Géza,  |d narodený 1885  |2 SNKMA  |9 211572 
648 7 |a 1916-1917  |2 SNKPH  |9 370359 
650 0 7 |a prvá svetová vojna (1914-1918)  |2 SNKPH  |9 162650 
650 0 7 |a zajatecké tábory  |2 SNKPH  |9 71908 
650 0 7 |a World War (1914-1918)  |2 SNKPHeng  |9 293703 
650 0 7 |a Prisoners of war  |2 SNKPHeng  |9 293709 
651 7 |a Rusko  |2 SNKPHgeo  |9 17250 
651 7 |a Russia  |2 SNKPHeng  |9 278886 
655 7 |a denníky  |2 SNKPH  |9 70534 
655 7 |a Diaries  |2 SNKPHeng  |9 268541 
655 7 |a biografie  |2 SNKPH  |9 27965 
655 7 |a Biography  |2 SNKPHeng  |9 266314 
700 1 |a Babróczkyné Fazekas, Ilona  |4 trl  |9 26956 
700 1 |a Kerepesi, Igor  |4 trl  |9 370360 
700 1 |a Kerényi, Éva  |4 com  |9 155980 
919 |a 978-80-85134-62-9 
958 |a BX 
999 |c 614527  |d 616457 
952 |a SNK  |b SNK  |y PREZ  |7 0  |p 17A1456132  |o snkSC 193576  |i snk2021/9359  |8 0  |0 0  |1 0  |4 0  |d 2021-07-28  |f 1  |l 0  |r 2025-10-10 00:00:00  |w 2026-02-23 
952 |a SNK  |b SNK  |y VYP  |7 0  |p 17A1456133  |o snkSC 193576 D1  |i snk2021/9361  |8 0  |0 0  |1 0  |4 0  |d 2021-07-28  |l 0  |r 2026-02-23 16:34:39  |w 2026-02-23